Polyester/lignosulfonate blends.Pt.2A.Accelerated aging behavior (Record no. 65241)

MARC details
000 -LEADER
fixed length control field 00514nam a2200193Ia 4500
100 ## - MAIN ENTRY--AUTHOR NAME
Personal name Cazacu G
245 #0 - TITLE STATEMENT
Title Polyester/lignosulfonate blends.Pt.2A.Accelerated aging behavior
260 ## - PUBLICATION, DISTRIBUTION, ETC. (IMPRINT)
Name of publisher Macromolecular Materials and Engineering
Year of publication 2000
300 ## - PHYSICAL DESCRIPTION
Number of Pages 93-102
500 ## - GENERAL NOTE
General note Source Year: 2001
650 ## - SUBJECT ADDED ENTRY--TOPICAL TERM
Topical Term Accelerated aging
700 ## - ADDED ENTRY--PERSONAL NAME
Personal name Agafitei G E
700 ## - ADDED ENTRY--PERSONAL NAME
Personal name Ioanid A
700 ## - ADDED ENTRY--PERSONAL NAME
Personal name Pascu M C
700 ## - ADDED ENTRY--PERSONAL NAME
Personal name Vasile C
856 ## - ELECTRONIC LOCATION AND ACCESS
Uniform Resource Identifier RAPRA
942 ## - ADDED ENTRY ELEMENTS (KOHA)
Koha item type Journals
Holdings
Withdrawn status Lost status Damaged status Not for loan Home library Current library Shelving location Date acquired Serial Enumeration / chronology Koha item type
      Journals RRII Library RRII Library Rubber chemistry 17/12/2021 Volume 283, Issue Nov Journals